La ley de Lynch / (Record no. 54597)
[ view plain ]
| 000 -LEADER | |
|---|---|
| campo de control de longitud fija | 01175nam a2200253 i 4500 |
| 001 - NÚMERO DE CONTROL | |
| campo de control | 54597 |
| 003 - IDENTIFICADOR DE NÚMERO DE CONTROL | |
| campo de control | ES-MaACL |
| 005 - FECHA Y HORA DE LA ÚLTIMA TRANSACCIÓN | |
| campo de control | 20250719062533.0 |
| 007 - CAMPO FIJO DE DESCRIPCIÓN FÍSICA--INFORMACIÓN GENERAL | |
| campo de control de longitud fija | t| |
| 008 - DATOS DE LONGITUD FIJA--INFORMACIÓN GENERAL | |
| campo de control de longitud fija | 960723s1893 cu |||| | spa d |
| 080 ## - NÚMERO DE LA CLASIFICACIÓN DECIMAL UNIVERSAL | |
| Número de la Clasificación Decimal Universal | 343.254 |
| 100 1# - ENTRADA PRINCIPAL--NOMBRE DE PERSONA | |
| Nombre de persona | Cuervo, Manuel Froilán. |
| 9 (RLIN) | 52717 |
| 245 13 - MENCIÓN DEL TÍTULO | |
| Título | La ley de Lynch / |
| Mención de responsabilidad, etc. | considerada por Manuel Froilán Cuervo. |
| 260 ## - PUBLICACIÓN, DISTRIBUCIÓN, ETC. | |
| Lugar de publicación, distribución, etc. | Habana : |
| Nombre del editor, distribuidor, etc. | [s.n.], |
| Fecha de publicación, distribución, etc. | 1893 ( |
| Fabricante | Tip. de La Lucha) |
| 300 ## - DESCRIPCIÓN FÍSICA | |
| Extensión | 76 p. ; |
| Dimensiones | 18 cm. |
| 530 ## - NOTA DISPONIBLE DE FORMULARIO FÍSICO ADICIONAL | |
| Nota de formato físico adicional disponible | Disponible en formato digital. |
| 533 ## - NOTA DE REPRODUCCIÓN | |
| Tipo de reproducción | Copia digital: |
| Institución responsable de la reproducción | Biblioteca Digital Hispánica (Biblioteca Nacional Española) |
| 650 #4 - PUNTO DE ACCESO ADICIONAL DE MATERIA--TÉRMINO DE MATERIA | |
| Término de materia o nombre geográfico como elemento de entrada | Linchamiento. |
| 9 (RLIN) | 143340 |
| 852 ## - LOCALIZACIÓN | |
| Sublocalización o colección | R.FOLL.11/1 |
| Ubicación | ES-MaACL |
| Signatura antigua | Olim: 193-C-18 |
| Número de control de estantería | D-262(1) |
| Encuadernación | Encuadernado con otras obras formando un volumen facticio. |
| Marcas de propiedad | Sello en tinta en portada: "Donativo del Sr. Lastres al Ateneo de Madrid. 1907" |
| -- | Sello en tinta en portada: "B.E.P. Madrid. Biblioteca" |
| Anotaciones manuscritas | Anotación manuscrita en cubierta: "Flletos penitenciarios. Tomo 18" |
| Donativo/Legado | Donación: Francisco Lastres y Juiz |
| Ubicación en estantería | Sala Valle Inclán |
| 903 ## - NOMBRE PERSONAL DE DONANTE | |
| a | Lastres y Juiz, Francisco, |
| d | 1848-1918 |
| e | Donante |
| q | 1 |
| 9 | 70504 |
| 942 ## - ELEMENTOS DE ENTRADA SECUNDARIOS (KOHA) | |
| Fuente del sistema de clasificación o colocación | Clasificación decimal universal |
| Tipo de ítem Koha | Folleto |
| Estatus retirado | Estado de pérdida | Fuente del sistema de clasificación o colocación | Estado de daño | No para préstamo | Colección | Biblioteca de origen | Biblioteca actual | Ubicación en estantería | Fecha de adquisición | Fuente de adquisición | Total de préstamos | Signatura topográfica completa | Código de barras | Visto por última vez | Precio de reemplazo | Tipo de ítem Koha |
|---|---|---|---|---|---|---|---|---|---|---|---|---|---|---|---|---|
| Clasificación decimal universal | Libros del s. XIX | Biblioteca del Ateneo de Madrid | Biblioteca del Ateneo de Madrid | Sala Valle Inclán | 17/01/2008 | Donación | D-262(1) | 901057369 | 23/02/2023 | 23/02/2023 | Libro impreso antiguo |
